000 00257nam a2200097Ia 4500
001 1300251
005 20260420095900.0
008 260420s9999 xx 000 0 und d
245 0 _aSEKSEN GÜNDE DÜNYA TURU
_cJULES VERNE
260 _bTİMAŞ ÇOCUK YAYINLARI
999 _c1300251
_d1300251